| 000 | 01731pam a2200373 4500 | ||
|---|---|---|---|
| 001 | 6264 | ||
| 003 | OSt | ||
| 005 | 20260401122116.0 | ||
| 008 | 740904t19751974nyua 000 0 eng | ||
| 010 | _a 74019190 | ||
| 020 | _a0871970708 | ||
| 020 | _a9780871970701 | ||
| 035 | _a3623791 | ||
| 040 |
_aDLC _cDLC _dDLC |
||
| 050 | 0 | 0 |
_aTH4817.3 _b.P66 |
| 082 | 0 | 0 |
_a690 BEN _b6264 |
| 100 | _aBenrey, Ronald | ||
| 245 | 0 | 0 | _aPopular science homeowner's encyclopedia. |
| 250 | _aVolume 4 | ||
| 260 |
_aNew York, _bFuller & Dees _c[1975, c1974] |
||
| 300 |
_a4 v. (1149 - 1532 p.) _billus. _c26 cm. |
||
| 336 |
_atext _btxt _2rdacontent |
||
| 337 |
_aunmediated _bn _2rdamedia |
||
| 338 |
_avolume _bnc _2rdacarrier |
||
| 500 | _a"Tip for the handyman" (48 p.) inserted. | ||
| 520 | _aThis comprehensive homeowner’s encyclopedia provides practical guidance for managing, maintaining, and improving a home. It covers a wide range of topics, including plumbing, electrical systems, carpentry, painting, heating, and household safety. Richly illustrated with diagrams and step-by-step instructions, it is designed to be accessible to both novice and experienced homeowners. The book serves as a reference for DIY projects, repairs, and understanding household systems, making it an essential resource for anyone seeking to maintain and enhance their home efficiently. | ||
| 650 | 0 | _aDwellings - Maintenance and repair - Amateurs' manuals. | |
| 650 | 0 | _aRepairing - Amateurs' manuals. | |
| 650 | 0 | _aDo-it-yourself work. | |
| 740 | _aHomeowner's encyclopedia. | ||
| 906 |
_a7 _bcbc _corignew _d1 _eocip _f19 _gy-gencatlg |
||
| 942 |
_2ddc _cBK _n0 |
||
| 999 |
_c5785 _d5785 |
||